000 01175namaa22003131i 4500
003 EG-GICUC
005 20260112125432.0
008 260112s2014 ua a|||gr|||| 000 0 ara d
017 _a2014 / 25595
_bدار الكتب والوثائق القومية(مصر)
040 _aEG-GiCUC
_bara
_cEG-GiCUC
_dEG-GiCUC
_erda
082 0 4 _221
_a519.5
_bS1321
092 0 4 _221
_a519.5
_bS1321
099 _a519.5 S1321
100 1 _aالسعيد، محمود
_eمؤلف.
245 _aالضبط الإحصائي للجودة /
_cمحمود السعيد محمود.
264 _a[القاهرة :
_bالناشر غير محدد ؛
_c2014].
300 _a368 صفحة :
_bإيضاحيات ؛
_c24 سم
336 _2rdacontent
_atext
337 _2rdamedia
_aUnmediated
338 _2rdacarrier
_avolume
504 _aيشتمل على ارجاعات ببليوجرافية.
541 _aد. محمود السعيد ؛
_bالقاهرة ؛
_cإهداء ؛
_d2026.
650 1 _aالأحصاء التطبيقي.
_2qrmak
650 1 _aالاحصاء التطبيقي
_vجداول.
650 1 _aالجودة.
651 1 _2qrmak
905 _aAsmaa
942 _2ddc
_cBK
_e21
_n0
999 _c177616
_d177616